000 00682nam a2200181Ia 4500
008 100920s9999 xx 000 0 und d
082 _b101923
_a320 न 07
100 _aकरंदीकर हेगडे माधवी.
245 _aकौंतेय राधेय ऍडॉप्शन.
260 _bग्रंथाली ज्ञानयज्ञ, मुंबई.
_c2007
300 _a81
_bसाधी
365 _b45
520 _aराजकारण.
630 _aकौंतेय राधेय ऍडॉप्शन.
650 _aराजकारण.
730 _aकौंतेय राधेय ऍडॉप्शन.
942 _cBOOK
999 _c742356
_d742353